书目信息 |
| 题名: |
近现代西方主要哲学流派资料
|
|
| 作者: | ;《哲学译丛》编辑部 编译 | |
| 分册: | ||
| 出版信息: | 北京 商务印书馆 1981.9 |
|
| 页数: | 301页 | |
| 开本: | 20cm | |
| 丛书名: | ||
| 单 册: | ||
| 中图分类: | B08 | |
| 科图分类: | ||
| 主题词: | 哲学学派 , 哲学学派--研究 | |
| 电子资源: | ||
| ISBN: | ||
| 000 | 00636nam0 2200205 45 | |
| 001 | 0306241118 | |
| 005 | 20070801160833.60 | |
| 010 | @dCNY1.25 | |
| 091 | @a2017.254 | |
| 100 | @a20030624d1981 km y0chiy0120 ea | |
| 101 | 0 | @achi |
| 200 | 1 | @a近现代西方主要哲学流派资料@AJin Xian Dai Xi Fang Zhu Yao Zhe Xue Liu Pai Zi Liao@f《哲学译丛》编辑部编译@F《Zhe Xue Yi Cong》Bian Ji Bu Bian Yi |
| 210 | @a北京@c商务印书馆@d1981.9 | |
| 215 | @a301页@d20cm | |
| 606 | 0 | @a哲学学派 |
| 606 | 0 | @a哲学学派@x研究 |
| 690 | @aB08@v3 | |
| 711 | 02 | @a《哲学译丛》编辑部@4编译 |
| 801 | @aCN@bTSTC@c20070801 | |
| 905 | @dB08@e2@f3@b53366-368@b53371-372@f2 | |
| 近现代西方主要哲学流派资料/《哲学译丛》编辑部编译.-北京:商务印书馆,1981.9 |
| 301页;20cm |
| ISBN :CNY1.25 |
| ● |
| 相关链接 |
|
|
|
|
正题名:近现代西方主要哲学流派资料
索取号:B08/2
 
预约/预借
| 序号 | 登录号 | 条形码 | 馆藏地/架位号 | 状态 | 备注 |
| 1 | 0053365 | 001824039 | 密集书库/ [索取号:B08/2] | 在馆 | |
| 2 | 0053366 | 001145987 | 密集书库/ [索取号:B08/2] | 在馆 | |
| 3 | 0053367 | 001128997 | 第一样本阅览室/ [索取号:B08/2] | 在馆 | |
| 4 | 0053368 | 001389937 | 密集书库/ [索取号:B08/2] | 在馆 | |
| 5 | 0053369 | 001798335 | 密集书库/ [索取号:B08/2] | 在馆 | |
| 6 | 0053370 | 202175029 | 密集书库/ [索取号:B08/2] | 在馆 | |
| 7 | 0053371 | 001389955 | 密集书库/ [索取号:B08/2] | 在馆 | |
| 8 | 0053372 | 001145996 | 密集书库/ [索取号:B08/2] | 在馆 | |
| 9 | 0790241 | 207902411 | 密集书库/ [索取号:B08/2] | 在馆 |